Fulfilment of human necessities through Gayatri Science (Record no. 352439)

MARC details
000 -LEADER
fixed length control field 004490000a22001690004500
005 - DATE AND TIME OF LATEST TRANSACTION
control field 20120302060903.0
040 ## - CATALOGING SOURCE
Original cataloging agency ENG
100 ## - MAIN ENTRY--PERSONAL NAME
Personal name Sharma,Shrirama Acharya
245 ## - TITLE STATEMENT
Title Fulfilment of human necessities through Gayatri Science
260 ## - PUBLICATION, DISTRIBUTION, ETC. (IMPRINT)
Place of publication, distribution, etc Bombay:Ashok N.Rawal,1985
300 ## - PHYSICAL DESCRIPTION
Extent xii,92p.
365 ## - TRADE PRICE
Price amount Rs.45/-
650 ## - SUBJECT ADDED ENTRY--TOPICAL TERM
Topical term or geographic name as entry element Philosophy-Gayatri Mantra
650 ## - SUBJECT ADDED ENTRY--TOPICAL TERM
Topical term or geographic name as entry element Gayatri-Meditation-Upasana
650 ## - SUBJECT ADDED ENTRY--TOPICAL TERM
Topical term or geographic name as entry element Holy Knowledge.
942 ## - ADDED ENTRY ELEMENTS (KOHA)
Koha item type Book
Holdings
Withdrawn status Lost status Damaged status Not for loan Home library Current library Date acquired Total Checkouts Barcode Date last seen Price effective from
        Institute For Oriental Study, Thane Institute For Oriental Study, Thane 12/02/2009   IOS-10879 12/02/2009 12/02/2009